Throughput and SNR Optimization for TDMA based MAC protocol with Cooperative Diversity/ (Record no. 540793)

000 -LEADER
fixed length control field 00501nam a22001457a 4500
082 ## - DEWEY DECIMAL CLASSIFICATION NUMBER
Classification number 621.3
100 ## - MAIN ENTRY--PERSONAL NAME
Personal name Firdousi Ferzia
245 ## - TITLE STATEMENT
Title Throughput and SNR Optimization for TDMA based MAC protocol with Cooperative Diversity/
Statement of responsibility, etc. Ferzia Firdousi
260 ## - PUBLICATION, DISTRIBUTION, ETC.
Place of publication, distribution, etc. Islamabad
Name of publisher, distributor, etc. CEME- NUST
Date of publication, distribution, etc. 2015
300 ## - PHYSICAL DESCRIPTION
Extent 85p. : ill. ;
Dimensions 30cm
650 ## - SUBJECT ADDED ENTRY--TOPICAL TERM
Topical term or geographic name entry element Electrical Engineering MS-Thesis
700 ## - ADDED ENTRY--PERSONAL NAME
Personal name Dr. Shoab Ahmed Khan
942 ## - ADDED ENTRY ELEMENTS (KOHA)
Source of classification or shelving scheme
Koha item type Thesis
650 ## - SUBJECT ADDED ENTRY--TOPICAL TERM
-- 16073
700 ## - ADDED ENTRY--PERSONAL NAME
-- 16053
Holdings
Withdrawn status Lost status Source of classification or shelving scheme Damaged status Not for loan Permanent Location Current Location Shelving location Date acquired Total Checkouts Full call number Barcode Date last seen Price effective from Koha item type
          Central Library (CL) Central Library (CL) Thesis 11/09/2020   621.3 CL-T-754 11/09/2020 11/09/2020 Thesis
© 2023 Central Library, National University of Sciences and Technology. All Rights Reserved.